000 00331cam a22001097a 4500
008 180718b1952 xxu||||| |||| 00| 0 eng d
082 _aV52303x5413 B489r
245 _aElectricity duty rules,Bihar
_cby Finance Department, Bihar
260 _aPatna
_bGovernment Printing
_c1952
300 _a15+p.
700 _aBihar. Finance Department
999 _c498475
_d498475